| 000 | 00634nam a2200205 a 4500 | ||
|---|---|---|---|
| 005 | 20250527063813.0 | ||
| 008 | 010702s2001 mx r 000 0 spa d | ||
| 020 | _a9684941161(CIDCLI) | ||
| 020 | _a9701871944 (SEP) | ||
| 035 | _aUPN01000156593 | ||
| 049 | _aCG | ||
| 050 | 4 |
_aPQ7084 _bV4.4 |
|
| 245 | 0 | 0 |
_a24 poetas latinoamericanos / _cselec. y pról. Francisco Serrano. |
| 260 |
_aMéxico : _bCIDCLI : _bSEP, _c2001. |
||
| 300 |
_a254 p. : _bil. |
||
| 440 | 0 | _aBiblioteca para la actualización del maestro | |
| 650 | 2 |
_aPoesía Latinoamericana _91270 |
|
| 700 | 1 |
_aSerrano, Francisco, _d1949- _ecomp. _939021 |
|
| 905 | _aLibro | ||
| 999 |
_c128707 _d128707 |
||